000 00489nam a2200193Ia 4500
005 20240823033230.0
008 240823s9999||||xx |||||||||||||| ||und||
020 _a978-0-19-285454-4
041 _aENGLISH
082 _A576.82092 P1
100 _aJonathan Howard
245 0 _aDarwin A very short Introduction
250 _a1st
260 _c2001
_bOxford University
_aNew Delhi
500 _aYES
650 _aIntroduction to Catering
_bGeneral
942 _cBK
999 _c195324
_d195324